Vista normal
Vista MARC
Entrada Geographic Name
Número de registros utilizados en: 2
001 - CONTROL NUMBER
- control field: 2178
003 - CONTROL NUMBER IDENTIFIER
- control field: OSt
005 - DATE AND TIME OF LATEST TRANSACTION
- control field: 20230518225040.0
008 - FIXED-LENGTH DATA ELEMENTS
- fixed length control field: 230518|| aca||aabn | a|a d
040 ## - CATALOGING SOURCE
- Original cataloging agency: OSt
- Transcribing agency: OSt
151 ## - HEADING--GEOGRAPHIC NAME
- Geographic name: Chima, Sinú
- General subdivision: Vida social y costumbres
- Form subdivision: Novela
670 ## - SOURCE DATA FOUND
- Source citation: Work cat.: (OSt)0: Zapata Olivella, Manuel 1920-2004 autor 1211, En Chimá nace un santo